000 01428nam0a2200313 i 4500
001 RU\NLR\bibl\2031896
005 20260406090803.0
010 _a9785358127029
_9500
021 _aRU
_b2013-29925
_92057
035 _a(NLR Aleph) 002019723
090 _a4498712
_c4498712
100 _a20131026d2013 u||y0rusy50 ca
101 0 _arus
102 _aRU
105 _ay |||||||||
200 1 _aМетодическое пособие к УМК "Литературное чтение"
_e1-4 классы
_e[для общеобразовательных учреждений с родным (нерусским) и русским (неродным) языком обучения
_fМ.В. Черкезова и др.]
205 _a2-е изд., стер.
210 _aМосква
_cДрофа
_d2013
215 _a192 с.
_d20
225 1 _aРазвитие, индивидуальность, творчество, мышление
_eРИТМ
333 _a16+
606 _aЛитературное чтение
_jМетодические пособия
_xПреподавание
_xНачальная школа
_92206144
_3RU\NLR\AUTH\661325453
686 1 _aЧ426.13(2)02,01я8
702 1 _4220
_7ca
_8rus
_aЧеркезова
_bМ. В.
_f1937-
_gМеджи Валентиновна
_942022
_3RU\NLR\AUTH\7759090
801 0 _aRU
_bNLR
_c20130513
_gRCR
801 1 _aRU
_bNLR
_c20130513
942 _cBOOK
980 _aNBR